000 00293nam a2200121Ia 4500
008 240624s9999 xx 000 0 und d
041 _aeng
082 _a658.84 TAS
100 _aTASSABEHJI RANA
245 _aAPPLYING ECOMMERCE IN BUSINESS
260 _c2003
_aLondon
_bSage
300 _aix, : 325
999 _c1138
_d1138